Guess the cylist 3 - Statistics

General Stats
  • This quiz has been taken 4 times
  • The average score is 3 of 16
Answer Stats
Picture Answer % Correct
Liliane Calmejane
50%
Luis Leon Sanchez
50%
Mario Cipollini
50%
Alessandro Ballan
25%
Diego Ulissi
25%
Jos Van Emden
25%
Lennard Kämna
25%
Maximiliano Richeze
25%
Nicolas Roche
25%
Tobias Foss
25%
Luca Paolini
0%
Michael Schär
0%
Rein Taaramaë
0%
Samuel Dumoulin
0%
Simon Spilak
0%
Tanel Kangert
0%
No matching quizzes found
Score Distribution
Percent of People with Each Score
Percentile by Number Answered
Your Score History
You have not taken this quiz